[Event "2. Bundesliga Ost 2009/2010"]
[Site "17+18.10Zwettl14+15.11Poechlarn"]
[Date "2009.11.14"]
[Round "3"]
[Board "6"]
[White "Posch, Roland"]
[Black "Pichler, Michael"]
[Result "1/2-1/2"]
[WhiteElo "2061"]
[BlackElo "2154"]
[PlyCount "160"]
[EventDate "2009.10.17"]
[EventType "team"]
[EventRounds "11"]
[EventCountry "AUT"]
[WhiteTeam "ASVOE VHS Poechlarn"]
[BlackTeam "Spg Data Technology Eichgraben/P."]

1.e4 e6 2.d3 d5 3.Nd2 Ne7 4.Ngf3 c5 5.g3 Nbc6 6.Bg2 g6 7.O-O Bg7 8.exd5 exd5
9.Nb3 Qb6 10.Be3 Nd4 11.Nfxd4 cxd4 12.Bg5 Be6 13.Re1 Rd8 14.Qe2 h6 15.Bd2 Rd7
16.Ba5 Qd6 17.a3 Nc6 18.Bh3 Re7 19.Bxe6 fxe6 20.Qg4 Kf7 21.Qf3+ Kg8 22.Bb4 Nxb4
23.axb4 Qxb4 24.Qg4 Kf7 25.Re3 Qb6 26.Rf3+ Bf6 27.Qxd4 Qxd4 28.Nxd4 Kg7 29.Nb3
Bxb2 30.Rxa7 Rc8 31.c4 dxc4 32.dxc4 Rxc4 33.Na5 Rcc7 34.Rb3 Bc3 35.Rb5 Bxa5
36.Raxa5 Kf6 37.Ra2 Red7 38.Rab2 Ke7 39.Kg2 Kd8 40.h4 Kc8 41.h5 g5 42.Kh3 Rd4
43.Rb6 g4+ 44.Kg2 Re4 45.f3 gxf3+ 46.Kxf3 Re5 47.Kf4 Re1 48.Ra2 Rf7+ 49.Kg4 Re4+
50.Kh3 Rf5 51.Rab2 Rxh5+ 52.Kg2 Rhe5 53.Rxb7 Re2+ 54.Kf3 Rxb2 55.Rxb2 h5 56.Kf4
Rf5+ 57.Ke4 Kc7 58.Rd2 Kc6 59.Rd8 Rd5 60.Rg8 Kd7 61.g4 hxg4 62.Rxg4 Ra5 63.Ke3
Ra3+ 64.Ke2 Kd6 65.Rd4+ Ke5 66.Rh4 Ra2+ 67.Ke1 Kd5 68.Rh3 e5 69.Rg3 Kd4 70.Rh3
Ke4 71.Rb3 Kf4 72.Rc3 Ra8 73.Ke2 Ra2+ 74.Ke1 Rh2 75.Rb3 e4 76.Ra3 Rb2 77.Rc3 Rb5
78.Ra3 Rf5 79.Rb3 e3 80.Ke2 Re5

[Event "2. Bundesliga Ost 2009/2010"]
[Site "17+18.10Zwettl14+15.11Poechlarn"]
[Date "2009.11.14"]
[Round "3"]
[Board "1"]
[White "Polak, Thomas"]
[Black "Hodisch, Juri"]
[Result "1/2-1/2"]
[WhiteElo "2507"]
[BlackElo "2349"]
[PlyCount "112"]
[EventDate "2009.10.17"]
[EventType "team"]
[EventRounds "11"]
[EventCountry "AUT"]
[WhiteTeam "SK Zwettl"]
[BlackTeam "Aljechin/Wieden"]

1.d4 Nf6 2.c4 e6 3.Nf3 b6 4.g3 Ba6 5.b3 Bb4+ 6.Bd2 Be7 7.Nc3 d5 8.cxd5 exd5
9.Bh3 O-O 10.O-O Re8 11.Rc1 Bb7 12.Bf4 Na6 13.Ne5 c5 14.Nb5 h6 15.Qd2 Bf8 16.Qb2
Qe7 17.Rfe1 Red8 18.Bg2 Ne4 19.Be3 Nd6 20.Nxd6 Qxd6 21.dxc5 Nxc5 22.Red1 Ne6
23.Nf3 Rac8 24.Nd4 Qa3 25.Qxa3 Bxa3 26.Rxc8 Rxc8 27.Bh3 Re8 28.Nb5 d4 29.Bxd4
Nxd4 30.Nxd4 Bc5 31.e3 Rd8 32.Bg2 Bc8 33.h3 Be6 34.g4 g5 35.Kf1 a5 36.Bc6 h5
37.gxh5 Bxh3+ 38.Ke2 Rd6 39.Bf3 Kg7 40.Be4 Bg4+ 41.f3 Bd7 42.Bf5 Bxd4 43.Bxd7
Bc5 44.Rxd6 Bxd6 45.Be8 Bc5 46.Kd3 f6 47.Bd7 Kh6 48.Be8 Kg7 49.e4 Kh6 50.Kc4 Kg7
51.Kd5 Be3 52.Ke6 Bd4 53.a3 Bb2 54.Kf5 Kh6 55.b4 axb4 56.axb4 Kg7

[Event "2. Bundesliga Ost 2009/2010"]
[Site "17+18.10Zwettl14+15.11Poechlarn"]
[Date "2009.11.14"]
[Round "3"]
[Board "2"]
[White "Groetz, Harald"]
[Black "Blatny, Pavel"]
[Result "1/2-1/2"]
[WhiteElo "2332"]
[BlackElo "2407"]
[PlyCount "112"]
[EventDate "2009.10.17"]
[EventType "team"]
[EventRounds "11"]
[EventCountry "AUT"]
[WhiteTeam "Aljechin/Wieden"]
[BlackTeam "SK Zwettl"]

1.e4 g6 2.d4 c6 3.Nc3 d5 4.Nf3 Bg4 5.h3 Bxf3 6.Qxf3 dxe4 7.Qxe4 Nf6 8.Qh4 Bg7
9.Be3 Nd5 10.Nxd5 cxd5 11.Bb5+ Nc6 12.O-O Qb6 13.a4 e6 14.c4 O-O 15.c5 Qd8
16.Qxd8 Rfxd8 17.Rfd1 Rac8 18.Rab1 Nb4 19.Bg5 f6 20.Bd2 a5 21.Rbc1 Kf7 22.Bxb4
axb4 23.c6 bxc6 24.Bxc6 Ke7 25.Bb7 Rb8 26.Ba6 Ra8 27.Rc6 Rd6 28.Rc7+ Rd7
29.Rxd7+ Kxd7 30.Bb5+ Kd8 31.Re1 Ke7 32.Rc1 Ra7 33.b3 f5 34.Rd1 Rc7 35.a5 Rc3
36.Ba4 Kd6 37.a6 Kc7 38.Re1 Bxd4 39.Rxe6 Rc1+ 40.Kh2 Bxf2 41.Re7+ Kb6 42.a7 Rc8
43.Rxh7 d4 44.g4 f4 45.Kg2 Be3 46.Rd7 g5 47.Kf3 Rh8 48.Ke4 Re8+ 49.Kd3 Rc8
50.Ke4 Bg1 51.Kf3 d3 52.a8=Q Rxa8 53.Rxd3 Rh8 54.Kg2 Be3 55.Rd5 Kc7 56.Rd7+ Kb6

[Event "2. Bundesliga Ost 2009/2010"]
[Site "17+18.10Zwettl14+15.11Poechlarn"]
[Date "2009.11.14"]
[Round "3"]
[Board "3"]
[White "Pisk, Petr"]
[Black "Schlosser, Michael"]
[Result "1-0"]
[WhiteElo "2346"]
[BlackElo "2345"]
[PlyCount "69"]
[EventDate "2009.10.17"]
[EventType "team"]
[EventRounds "11"]
[EventCountry "AUT"]
[WhiteTeam "SK Zwettl"]
[BlackTeam "Aljechin/Wieden"]

1.e4 c5 2.d4 cxd4 3.c3 dxc3 4.Nxc3 e6 5.Nf3 a6 6.Bc4 b5 7.Bb3 d6 8.O-O Nf6 9.Qe2
Be7 10.Rd1 b4 11.Na4 Nbd7 12.e5 dxe5 13.Nxe5 O-O 14.Bf4 Bb7 15.Bxe6 Nxe5 16.Rxd8
Bxd8 17.Nc5 Ng6 18.Bd6 Re8 19.Qc4 Rxe6 20.Nxb7 Bb6 21.Qxb4 Rae8 22.h3 Ba7 23.Bc5
Bb8 24.Nd6 Nd5 25.Qa3 Re1+ 26.Rxe1 Rxe1+ 27.Kh2 Rc1 28.Qb3 Rxc5 29.Qxb8+ Nf8
30.Qb7 Nc7 31.b4 Rc2 32.a4 g6 33.b5 axb5 34.axb5 Kg7 35.b6

[Event "2. Bundesliga Ost 2009/2010"]
[Site "17+18.10Zwettl14+15.11Poechlarn"]
[Date "2009.11.14"]
[Round "3"]
[Board "4"]
[White "Wirius, Johannes"]
[Black "Vyskocil, Neklan"]
[Result "0-1"]
[WhiteElo "2177"]
[BlackElo "2355"]
[PlyCount "100"]
[EventDate "2009.10.17"]
[EventType "team"]
[EventRounds "11"]
[EventCountry "AUT"]
[WhiteTeam "Aljechin/Wieden"]
[BlackTeam "SK Zwettl"]

1.c4 Nf6 2.Nc3 e5 3.d3 Bb4 4.Bd2 c6 5.Nf3 Qe7 6.a3 Ba5 7.g3 O-O 8.Bg2 h6 9.O-O
Bb6 10.e4 d6 11.Na4 Bc7 12.Rc1 Rd8 13.Qc2 Nbd7 14.d4 Nb6 15.Rfe1 Bg4 16.dxe5
dxe5 17.Bb4 Qe8 18.Nc5 Rab8 19.h3 Bxf3 20.Bxf3 Rd4 21.Qe2 Rdd8 22.Red1 Nbd7
23.Bg2 a5 24.Nxd7 Nxd7 25.Bc3 Nc5 26.Qc2 a4 27.Rxd8 Bxd8 28.Rd1 Nb3 29.Qd3 Bb6
30.Qd7 Bd4 31.Qxe8+ Rxe8 32.Bxd4 Nxd4 33.Bf1 Kf8 34.Kg2 Ke7 35.Bd3 Kd6 36.f4 f6
37.Kf2 Kc5 38.f5 Rd8 39.h4 Nb3 40.Ke3 Rd4 41.g4 Na5 42.Rc1 Nxc4+ 43.Ke2 b5 44.g5
hxg5 45.hxg5 fxg5 46.Rc3 b4 47.Rc2 g4 48.Rc1 g3 49.Rc2 g2 50.Rc1 b3

[Event "2. Bundesliga Ost 2009/2010"]
[Site "17+18.10Zwettl14+15.11Poechlarn"]
[Date "2009.11.14"]
[Round "3"]
[Board "5"]
[White "Vykydal, Frantisek"]
[Black "Hadjieff, Dieter"]
[Result "1-0"]
[WhiteElo "2218"]
[BlackElo "2209"]
[PlyCount "79"]
[EventDate "2009.10.17"]
[EventType "team"]
[EventRounds "11"]
[EventCountry "AUT"]
[WhiteTeam "SK Zwettl"]
[BlackTeam "Aljechin/Wieden"]

1.e4 c5 2.Nc3 e6 3.d3 Nc6 4.g3 g6 5.Bg2 Bg7 6.Be3 Nd4 7.Qd2 Ne7 8.Nd1 b6 9.c3
Ndc6 10.Bh6 O-O 11.h4 f6 12.Bxg7 Kxg7 13.Ne2 d5 14.exd5 Nxd5 15.Ne3 Qd6 16.Nxd5
exd5 17.O-O Be6 18.d4 Rad8 19.Rfe1 Bf7 20.Rad1 Rfe8 21.a3 a5 22.Nf4 c4 23.Rxe8
Rxe8 24.Bf3 b5 25.Ng2 Ne7 26.Ne3 Be6 27.Re1 Qd7 28.Qe2 Bf7 29.Qf1 Nc8 30.Qg2 Nb6
31.h5 Kf8 32.Qh2 Kg7 33.Kg2 Bg8 34.hxg6 hxg6 35.Rh1 Kf8 36.Qh6+ Qg7 37.Qf4 Qe7
38.Rh6 Kg7 39.Qh4 b4 40.Rh8

[Event "2. Bundesliga Ost 2009/2010"]
[Site "17+18.10Zwettl14+15.11Poechlarn"]
[Date "2009.11.14"]
[Round "3"]
[Board "6"]
[White "Batyte, Daiva"]
[Black "Stadler, Peter"]
[Result "0-1"]
[WhiteElo "2124"]
[BlackElo "2169"]
[PlyCount "86"]
[EventDate "2009.10.17"]
[EventType "team"]
[EventRounds "11"]
[EventCountry "AUT"]
[WhiteTeam "Aljechin/Wieden"]
[BlackTeam "SK Zwettl"]

1.Nf3 Nf6 2.c4 g6 3.g3 Bg7 4.Bg2 O-O 5.O-O c6 6.Nc3 d5 7.cxd5 cxd5 8.d4 Ne4
9.Bf4 Nc6 10.Ne5 Bf5 11.Qa4 Nxc3 12.bxc3 Nxe5 13.dxe5 e6 14.h4 h6 15.Qd4 g5
16.hxg5 hxg5 17.Be3 Qc7 18.Bxg5 Bxe5 19.Qh4 Rac8 20.Rac1 Qc4 21.Bf4 Bxf4 22.gxf4
Qxe2 23.Qg5+ Bg6 24.Rfe1 Qh5 25.Qg3 Rc4 26.Re5 Qh6 27.Rg5 Rd8 28.Re1 Qg7 29.Bh3
Rxc3 30.Qg2 Rc6 31.Bxe6 Rxe6 32.Rxe6 Qa1+ 33.Kh2 Qh8+ 34.Kg3 fxe6 35.Rxg6+ Kf7
36.Rg5 Qc3+ 37.Kg4 Rh8 38.f5 Qd4+ 39.f4 e5 40.Qf1 exf4 41.Qb5 Qg1+ 42.Kxf4 Rh4+
43.Ke5 Qe3+

[Event "2. Bundesliga Ost 2009/2010"]
[Site "17+18.10Zwettl14+15.11Poechlarn"]
[Date "2009.11.15"]
[Round "4"]
[Board "1"]
[White "Wukits, Rene"]
[Black "Hodisch, Juri"]
[Result "0-1"]
[WhiteElo "2331"]
[BlackElo "2349"]
[PlyCount "77"]
[EventDate "2009.10.17"]
[EventType "team"]
[EventRounds "11"]
[EventCountry "AUT"]
[WhiteTeam "SV Tschaturanga Neubau"]
[BlackTeam "Aljechin/Wieden"]

1.d4 Nf6 2.c4 e6 3.Nc3 Bb4 4.e3 O-O 5.Bd3 d5 6.Nf3 b6 7.O-O Bb7 8.cxd5 exd5 9.a3
Bd6 10.b4 a6 11.Qb3 Qe7 12.b5 axb5 13.Nxb5 Nbd7 14.a4 c5 15.Ba3 Ba6 16.Bf5 g6
17.Bxd7 Qxd7 18.Nxd6 Qxd6 19.Rfb1 Rfb8 20.Qc2 Nd7 21.Rd1 Qe6 22.dxc5 bxc5 23.Bb2
f6 24.Ba3 Rc8 25.h4 Ne5 26.Nxe5 fxe5 27.Rac1 Ra7 28.Qc3 d4 29.exd4 cxd4 30.Qa5
Re8 31.Re1 Rd7 32.Rc5 e4 33.Bb2 Bb7 34.Qb4 e3 35.fxe3 Qg4 36.Qc4+ Kg7 37.Rg5
Qxh4 38.Rg3 Qxg3 39.Bxd4+

[Event "2. Bundesliga Ost 2009/2010"]
[Site "17+18.10Zwettl14+15.11Poechlarn"]
[Date "2009.11.15"]
[Round "4"]
[Board "2"]
[White "Groetz, Harald"]
[Black "Kleiser, Gregor"]
[Result "1-0"]
[WhiteElo "2332"]
[BlackElo "2313"]
[PlyCount "65"]
[EventDate "2009.10.17"]
[EventType "team"]
[EventRounds "11"]
[EventCountry "AUT"]
[WhiteTeam "Aljechin/Wieden"]
[BlackTeam "SV Tschaturanga Neubau"]

1.e4 e5 2.Nf3 Nc6 3.Bb5 a6 4.Ba4 Nf6 5.O-O b5 6.Bb3 Be7 7.Re1 O-O 8.c3 d5 9.exd5
Nxd5 10.Nxe5 Nxe5 11.Rxe5 c6 12.d4 Bd6 13.Re1 Qh4 14.g3 Qh3 15.Be3 Bg4 16.Qd3 f5
17.f4 Rae8 18.Nd2 Kh8 19.Bxd5 cxd5 20.a4 g5 21.Qf1 Qh5 22.axb5 axb5 23.fxg5 f4
24.Bxf4 Be2 25.Qf2 Bxf4 26.gxf4 Qg4+ 27.Qg2 Rxf4 28.h3 Qe6 29.Qg3 Rf5 30.h4 Qf7
31.Ra6 Rf4 32.g6 Qf6 33.Rxf6

[Event "2. Bundesliga Ost 2009/2010"]
[Site "17+18.10Zwettl14+15.11Poechlarn"]
[Date "2009.11.15"]
[Round "4"]
[Board "3"]
[White "Kreindl, Helmut"]
[Black "Schlosser, Michael"]
[Result "1/2-1/2"]
[WhiteElo "2194"]
[BlackElo "2345"]
[PlyCount "66"]
[EventDate "2009.10.17"]
[EventType "team"]
[EventRounds "11"]
[EventCountry "AUT"]
[WhiteTeam "SV Tschaturanga Neubau"]
[BlackTeam "Aljechin/Wieden"]

1.d4 g6 2.Nf3 Bg7 3.c3 f5 4.Nbd2 Nf6 5.Qc2 O-O 6.e4 fxe4 7.Nxe4 d5 8.Ng3 Nc6
9.Bb5 Qd6 10.Bxc6 bxc6 11.O-O Nd7 12.Re1 e5 13.dxe5 Nxe5 14.Nxe5 Bxe5 15.Bh6 Bg7
16.Bxg7 Kxg7 17.Re3 Bd7 18.Rae1 Rf7 19.Qd2 a5 20.Re5 a4 21.Qd4 Kg8 22.c4 Qb4
23.a3 Qxc4 24.Qxc4 dxc4 25.Rc5 Rb8 26.Re2 Rf4 27.f3 Rb5 28.Re4 Rxc5 29.Rxf4 Be6
30.Ne4 Rb5 31.Nc3 Rxb2 32.Nxa4 Ra2 33.Re4 Rxa3

[Event "2. Bundesliga Ost 2009/2010"]
[Site "17+18.10Zwettl14+15.11Poechlarn"]
[Date "2009.11.15"]
[Round "4"]
[Board "4"]
[White "Wirius, Johannes"]
[Black "Ernst, Michael"]
[Result "1/2-1/2"]
[WhiteElo "2177"]
[BlackElo "2166"]
[PlyCount "82"]
[EventDate "2009.10.17"]
[EventType "team"]
[EventRounds "11"]
[EventCountry "AUT"]
[WhiteTeam "Aljechin/Wieden"]
[BlackTeam "SV Tschaturanga Neubau"]

1.Nf3 Nf6 2.c4 d5 3.cxd5 Nxd5 4.b3 Bg4 5.Ne5 Bh5 6.Bb2 e6 7.Nc3 f6 8.Nd3 Nxc3
9.dxc3 Bd6 10.g3 Qe7 11.Bg2 c6 12.O-O O-O 13.Qc2 Nd7 14.c4 e5 15.e4 Nc5 16.Nc1
Ne6 17.Ne2 Bc5 18.Kh1 Rfd8 19.f3 Rd6 20.Bc3 Nd4 21.Nxd4 Bxd4 22.g4 Bf7 23.Rad1
Rad8 24.Bb4 c5 25.Be1 Be3 26.Bg3 Qd7 27.Rxd6 Qxd6 28.Re1 Bh6 29.Bf1 Qd2 30.Qxd2
Rxd2 31.Re2 Rd1 32.Re1 Rd2 33.Re2 Kf8 34.Rxd2 Bxd2 35.Kg2 Ke7 36.Bd3 Kd6 37.Bf2
Kc6 38.Kf1 a6 39.Ke2 Bb4 40.Kd1 b5 41.Kc2 g5

[Event "2. Bundesliga Ost 2009/2010"]
[Site "17+18.10Zwettl14+15.11Poechlarn"]
[Date "2009.11.15"]
[Round "4"]
[Board "5"]
[White "Ponjican, Erich"]
[Black "Hadjieff, Dieter"]
[Result "1-0"]
[WhiteElo "2170"]
[BlackElo "2209"]
[PlyCount "127"]
[EventDate "2009.10.17"]
[EventType "team"]
[EventRounds "11"]
[EventCountry "AUT"]
[WhiteTeam "SV Tschaturanga Neubau"]
[BlackTeam "Aljechin/Wieden"]

1.e4 c5 2.Nf3 e6 3.d4 cxd4 4.Nxd4 a6 5.c4 Nf6 6.Nc3 Qc7 7.a3 b6 8.Be3 Bb7 9.f3
Be7 10.Be2 O-O 11.Rc1 Re8 12.b4 d6 13.O-O Nbd7 14.Qb3 Rac8 15.Rfd1 Qb8 16.Bf1
Bd8 17.Bf2 Bc7 18.g3 g5 19.Re1 Qa8 20.Qc2 Kh8 21.Bg2 Rg8 22.Qe2 Rg6 23.Nd1 Rcg8
24.Nb2 Qf8 25.Nd3 h5 26.h3 Rh6 27.g4 hxg4 28.hxg4 Rg7 29.Bg3 Rgh7 30.Kf2 Qg7
31.Nc2 Bb8 32.Rh1 Qg8 33.Rxh6 Rxh6 34.Ne3 Qh7 35.Qb2 Kg8 36.c5 dxc5 37.Bxb8 Nxb8
38.bxc5 b5 39.Qe5 Nc6 40.Qc7 Rh2 41.Qxb7 Qh4+ 42.Kg1 Nd4 43.Qb8+ Kg7 44.Re1 Rh3
45.Qe5 Nxf3+ 46.Bxf3 Rxf3 47.Ng2 Qxg4 48.Nf2 Qg3 49.Qxg3 Rxg3 50.Re3 Rxe3
51.Nxe3 Kf8 52.Neg4 Nxg4 53.Nxg4 f5 54.exf5 exf5 55.Ne3 a5 56.Nxf5 b4 57.axb4
axb4 58.Nd4 Ke7 59.Kf2 Kf6 60.Kf3 Ke5 61.Nb3 Kf5 62.Kg3 Ke6 63.Kg4 Kf6 64.Na5

[Event "2. Bundesliga Ost 2009/2010"]
[Site "17+18.10Zwettl14+15.11Poechlarn"]
[Date "2009.11.15"]
[Round "4"]
[Board "6"]
[White "Batyte, Daiva"]
[Black "Petschar, Hans"]
[Result "1/2-1/2"]
[WhiteElo "2124"]
[BlackElo "2086"]
[PlyCount "132"]
[EventDate "2009.10.17"]
[EventType "team"]
[EventRounds "11"]
[EventCountry "AUT"]
[WhiteTeam "Aljechin/Wieden"]
[BlackTeam "SV Tschaturanga Neubau"]

1.Nf3 d5 2.g3 Nf6 3.Bg2 c6 4.b3 g6 5.Bb2 Bg7 6.O-O Bg4 7.d3 Bxf3 8.exf3 O-O
9.Nd2 Nbd7 10.f4 h5 11.Nf3 Ne8 12.Bxg7 Nxg7 13.Re1 e6 14.d4 Nf5 15.Ng5 Qf6 16.c3
a5 17.a4 c5 18.c4 dxc4 19.d5 e5 20.Ne4 Qa6 21.fxe5 Nxe5 22.Nxc5 Qb6 23.Rxe5 Qxc5
24.bxc4 Qxc4 25.Rc1 Qa6 26.Qe2 Qd6 27.Re1 Rad8 28.Qb5 b6 29.h3 Rc8 30.Qd3 Qb4
31.R5e4 Qc3 32.Qxc3 Rxc3 33.Rb1 Rd3 34.Rc4 Rb8 35.Be4 Rd4 36.Rxd4 Nxd4 37.Rb2 b5
38.axb5 Rxb5 39.Ra2 Kg7 40.Kg2 Kf6 41.f4 Ke7 42.Kf2 f5 43.Bg2 Kd6 44.Ke3 Nb3
45.Bf3 Nc5 46.g4 hxg4 47.hxg4 Rb3+ 48.Kf2 a4 49.gxf5 gxf5 50.Bd1 Rb4 51.Bc2
Rxf4+ 52.Ke3 Rb4 53.Bxf5 Kxd5 54.Bc2 Rh4 55.Kd2 Kd4 56.Kc1 Kc3 57.Bd1 Nd3+
58.Kb1 Rb4+ 59.Ka1 Nc5 60.Rc2+ Kd4 61.Rd2+ Kc4 62.Ka2 Nb3 63.Rc2+ Kd3 64.Rc8 Kd2
65.Bxb3 axb3+ 66.Kb2 Rb7

[Event "2. Bundesliga Ost 2009/2010"]
[Site "17+18.10Zwettl14+15.11Poechlarn"]
[Date "2009.11.15"]
[Round "4"]
[Board "1"]
[White "Farago, Ivan"]
[Black "Polak, Thomas"]
[Result "1/2-1/2"]
[WhiteElo "2511"]
[BlackElo "2507"]
[PlyCount "61"]
[EventDate "2009.10.17"]
[EventType "team"]
[EventRounds "11"]
[EventCountry "AUT"]
[WhiteTeam "ASVOE VHS Poechlarn"]
[BlackTeam "SK Zwettl"]

1.d4 Nf6 2.c4 e6 3.Nf3 b6 4.g3 Ba6 5.b3 Bb7 6.Bg2 Bb4+ 7.Bd2 a5 8.O-O O-O 9.Nc3
d6 10.a3 Bxc3 11.Bxc3 Nbd7 12.Qc2 Qb8 13.b4 Be4 14.Qb2 axb4 15.axb4 Qb7 16.b5 h6
17.Rxa8 Rxa8 18.Ra1 Rxa1+ 19.Qxa1 d5 20.Qa4 dxc4 21.Qxc4 Nd5 22.Ne1 Bxg2 23.Nxg2
Nxc3 24.Qxc3 Qd5 25.Ne3 Qxb5 26.Qxc7 Nf6 27.Qc8+ Kh7 28.Qc2+ Kg8 29.Qc8+ Kh7
30.Qc2+ Kg8 31.Qc8+

[Event "2. Bundesliga Ost 2009/2010"]
[Site "17+18.10Zwettl14+15.11Poechlarn"]
[Date "2009.11.15"]
[Round "4"]
[Board "2"]
[White "Blatny, Pavel"]
[Black "Kostic, Vladimir"]
[Result "1/2-1/2"]
[WhiteElo "2407"]
[BlackElo "2430"]
[PlyCount "61"]
[EventDate "2009.10.17"]
[EventType "team"]
[EventRounds "11"]
[EventCountry "AUT"]
[WhiteTeam "SK Zwettl"]
[BlackTeam "ASVOE VHS Poechlarn"]

1.d4 Nf6 2.Nf3 e6 3.c4 d5 4.cxd5 exd5 5.Nc3 c6 6.Bf4 Bd6 7.Bxd6 Qxd6 8.e3 O-O
9.Be2 Bf5 10.Ne5 Nbd7 11.Nxd7 Qxd7 12.O-O Rfe8 13.Bd3 Bxd3 14.Qxd3 Ne4 15.f3
Nxc3 16.Qxc3 Re6 17.Rae1 Rae8 18.Re2 g6 19.b4 a6 20.Rfe1 Qe7 21.a3 Qd7 22.Qd3
Qe7 23.g3 Qd7 24.Kg2 f5 25.Kf2 R6e7 26.Qc3 Qd6 27.Qd3 Qd7 28.Kg2 Kg7 29.Qc3 Kg8
30.Qd3 Kg7 31.Qc3

[Event "2. Bundesliga Ost 2009/2010"]
[Site "17+18.10Zwettl14+15.11Poechlarn"]
[Date "2009.11.15"]
[Round "4"]
[Board "3"]
[White "Rumpl, Erwin"]
[Black "Pisk, Petr"]
[Result "1/2-1/2"]
[WhiteElo "2334"]
[BlackElo "2346"]
[PlyCount "47"]
[EventDate "2009.10.17"]
[EventType "team"]
[EventRounds "11"]
[EventCountry "AUT"]
[WhiteTeam "ASVOE VHS Poechlarn"]
[BlackTeam "SK Zwettl"]

1.d4 Nf6 2.Nf3 d6 3.g3 g6 4.b3 Bg7 5.Bb2 O-O 6.Bg2 e5 7.dxe5 Ng4 8.h3 Nxe5
9.Nxe5 Bxe5 10.Bxe5 dxe5 11.Qxd8 Rxd8 12.Nd2 Kf8 13.O-O-O Ke7 14.Nc4 Rxd1+
15.Rxd1 f6 16.g4 Nc6 17.Bxc6 bxc6 18.Na5 Bd7 19.Rd3 Rh8 20.Rc3 Kd6 21.Nb7+ Ke7
22.Na5 Kd6 23.Nb7+ Ke7 24.Na5

[Event "2. Bundesliga Ost 2009/2010"]
[Site "17+18.10Zwettl14+15.11Poechlarn"]
[Date "2009.11.15"]
[Round "4"]
[Board "4"]
[White "Vyskocil, Neklan"]
[Black "Weinzettl, Ernst"]
[Result "1/2-1/2"]
[WhiteElo "2355"]
[BlackElo "2278"]
[PlyCount "60"]
[EventDate "2009.10.17"]
[EventType "team"]
[EventRounds "11"]
[EventCountry "AUT"]
[WhiteTeam "SK Zwettl"]
[BlackTeam "ASVOE VHS Poechlarn"]

1.Nf3 d5 2.e3 Nf6 3.c4 e6 4.d4 c5 5.Nc3 a6 6.cxd5 exd5 7.dxc5 Bxc5 8.Be2 O-O
9.O-O Nc6 10.b3 Be6 11.Bb2 Qe7 12.Rc1 Ba7 13.Na4 Ne4 14.Nd4 Ne5 15.Nxe6 Qxe6
16.Bd4 Bxd4 17.Qxd4 Rac8 18.f3 Rxc1 19.Rxc1 Nf6 20.Nc5 Qe7 21.Nxb7 Nxf3+ 22.Bxf3
Qxb7 23.Rd1 Qe7 24.h3 h6 25.a4 Rc8 26.Rd3 Rc1+ 27.Rd1 Rc6 28.Rd3 Rc1+ 29.Rd1 Rc6
30.Rd3 Rc1+

[Event "2. Bundesliga Ost 2009/2010"]
[Site "17+18.10Zwettl14+15.11Poechlarn"]
[Date "2009.11.15"]
[Round "4"]
[Board "5"]
[White "Mittermayr, Gerhard"]
[Black "Vykydal, Frantisek"]
[Result "1-0"]
[WhiteElo "2139"]
[BlackElo "2218"]
[PlyCount "83"]
[EventDate "2009.10.17"]
[EventType "team"]
[EventRounds "11"]
[EventCountry "AUT"]
[WhiteTeam "ASVOE VHS Poechlarn"]
[BlackTeam "SK Zwettl"]

1.e4 Nf6 2.e5 Nd5 3.d4 d6 4.Nf3 c6 5.c4 Nb6 6.Nc3 Bg4 7.h3 Bxf3 8.Qxf3 g6 9.exd6
exd6 10.Ne4 f5 11.Ng5 Qe7+ 12.Kd1 Bg7 13.d5 N8d7 14.Ne6 Ne5 15.Qb3 Rc8 16.f4
Ned7 17.Bd3 Nf8 18.Re1 Nxe6 19.Rxe6 Qxe6 20.dxe6 O-O 21.c5 dxc5 22.Be3 Rfd8
23.Bxc5 Bf6 24.Ke2 Nd5 25.e7 Bxe7 26.Bxe7 Re8 27.Bc4 Rxe7+ 28.Kf2 Rce8 29.Bxd5+
cxd5 30.Qxd5+ Kg7 31.Rc1 h5 32.Qd6 Kh6 33.Rc7 Re4 34.Rxb7 Rc4 35.Rc7 Rce4
36.Rxa7 Rc4 37.Rc7 Rce4 38.b4 Ra8 39.a4 h4 40.a5 Rae8 41.Rc6 Re2+ 42.Kg1

[Event "2. Bundesliga Ost 2009/2010"]
[Site "17+18.10Zwettl14+15.11Poechlarn"]
[Date "2009.11.15"]
[Round "4"]
[Board "1"]
[White "Antoniewski, Rafal"]
[Black "Videki, Sandor"]
[Result "1/2-1/2"]
[WhiteElo "2558"]
[BlackElo "2450"]
[PlyCount "112"]
[EventDate "2009.10.17"]
[EventType "team"]
[EventRounds "11"]
[EventCountry "AUT"]
[WhiteTeam "ASVOE SK Mattersburg"]
[BlackTeam "Spg Data Technology Eichgraben/P."]

1.e4 c5 2.Nc3 Nc6 3.Nf3 g6 4.d4 cxd4 5.Nxd4 Bg7 6.Be3 Nf6 7.Bc4 O-O 8.Bb3 d6
9.f3 Bd7 10.Qd2 Nxd4 11.Bxd4 b5 12.O-O a5 13.a3 a4 14.Ba2 Qa5 15.Rad1 b4 16.Nb1
bxa3 17.Nxa3 Qxd2 18.Rxd2 Bc6 19.e5 dxe5 20.Bxe5 Rfd8 21.Rfd1 Rxd2 22.Rxd2 Ne4
23.Bxg7 Nxd2 24.Bc3 Nxf3+ 25.gxf3 Bxf3 26.Nc4 Rd8 27.Ba5 Rd1+ 28.Kf2 Bc6 29.Ne3
Rh1 30.Bc7 Kf8 31.Bc4 Rb1 32.Be5 f6 33.Bc3 h5 34.Bd3 Kg7 35.Nf1 e5 36.Ne3 Kh7
37.Bf1 Be4 38.Bh3 Bc6 39.Bf1 Kh6 40.Nc4 g5 41.Nd6 Bd7 42.Bg2 Kg6 43.Bf1 Kg7
44.Bg2 Rd1 45.Nc4 Be8 46.Ne3 Rb1 47.Nf5+ Kh7 48.Ne7 h4 49.Be4+ Kh8 50.Nd5 Kg7
51.Ne3 Bb5 52.Nf5+ Kh8 53.Ne3 Be8 54.Nd5 Kg7 55.Ne3 Bd7 56.Nf5+ Kh8

[Event "2. Bundesliga Ost 2009/2010"]
[Site "17+18.10Zwettl14+15.11Poechlarn"]
[Date "2009.11.15"]
[Round "4"]
[Board "2"]
[White "Ganaus, Hannes"]
[Black "Petran, Peter"]
[Result "0-1"]
[WhiteElo "2281"]
[BlackElo "2361"]
[PlyCount "166"]
[EventDate "2009.10.17"]
[EventType "team"]
[EventRounds "11"]
[EventCountry "AUT"]
[WhiteTeam "Spg Data Technology Eichgraben/P."]
[BlackTeam "ASVOE SK Mattersburg"]

1.d4 g6 2.Nf3 Bg7 3.c4 c5 4.d5 f5 5.Nc3 d6 6.g3 Nf6 7.Bg2 Na6 8.O-O O-O 9.a3 Bd7
10.Qd3 Rb8 11.Ra2 Qe8 12.Re1 b5 13.b3 b4 14.Nd1 bxa3 15.Rxa3 Nb4 16.Qb1 Rb7
17.Nd2 Qb8 18.h3 Qc7 19.Bb2 a5 20.e4 fxe4 21.Nxe4 Nxe4 22.Bxg7 Kxg7 23.Bxe4 Bxh3
24.Qa1+ Kg8 25.Rxa5 Qc8 26.Ne3 Bf5 27.Qb1 Bxe4 28.Qxe4 Qe8 29.Kg2 Qf7 30.Ng4 Kg7
31.f4 h5 32.Nh2 Qf5 33.Nf3 Nc2 34.Re2 Qxe4 35.Rxe4 Re8 36.Re6 Rxb3 37.Nh4 Ne3+
38.Kh3 Nxc4 39.Ra7 Kf7 40.Rxg6 Rd3 41.Rg5 Ne3 42.Nf5 Kf6 43.Nxe3 Rxe3 44.Rxh5
Rg8 45.Rh6+ Rg6 46.Rxg6+ Kxg6 47.Kg4 Kf7 48.Ra8 Rd3 49.Rc8 Rxd5 50.f5 Rd1 51.Kg5
Rc1 52.g4 c4 53.Rc7 Ke8 54.Kg6 Kd8 55.Ra7 c3 56.g5 c2 57.Ra2 d5 58.Kf7 d4 59.Ra5
Rf1 60.Rd5+ Kc7 61.Rc5+ Kd6 62.Rxc2 Rxf5+ 63.Kg6 Rf1 64.Kh7 e5 65.Rg2 e4 66.g6
Rh1+ 67.Kg8 Ke5 68.g7 Ra1 69.Kh7 Ra8 70.g8=Q Rxg8 71.Rxg8 e3 72.Rd8 Ke4 73.Kg6
e2 74.Kg5 Kf3 75.Rxd4 e1=Q 76.Rf4+ Ke3 77.Rg4 Qa5+ 78.Kh6 Kf3 79.Rh4 Qb6+ 80.Kh5
Qc5+ 81.Kg6 Qd6+ 82.Kh5 Qe5+ 83.Kg6 Qg3+

[Event "2. Bundesliga Ost 2009/2010"]
[Site "17+18.10Zwettl14+15.11Poechlarn"]
[Date "2009.11.15"]
[Round "4"]
[Board "3"]
[White "Riedner, Martin"]
[Black "Neumeier, Klaus"]
[Result "0-1"]
[WhiteElo "2189"]
[BlackElo "2391"]
[PlyCount "108"]
[EventDate "2009.10.17"]
[EventType "team"]
[EventRounds "11"]
[EventCountry "AUT"]
[WhiteTeam "ASVOE SK Mattersburg"]
[BlackTeam "Spg Data Technology Eichgraben/P."]

1.e4 c5 2.Nf3 Nc6 3.Bb5 Nf6 4.Nc3 a6 5.Bxc6 dxc6 6.d3 Bg4 7.h3 Bh5 8.g4 Bg6
9.Ne5 Nd7 10.Nxd7 Qxd7 11.f4 f6 12.f5 Bf7 13.Na4 Qc7 14.Kf2 e6 15.Qf3 Bd6 16.Be3
b6 17.c3 e5 18.b3 h6 19.h4 Be7 20.Qe2 a5 21.g5 hxg5 22.hxg5 O-O-O 23.g6 Rxh1
24.Rxh1 Bg8 25.Rd1 Qa7 26.Kg3 Qa6 27.c4 Kc7 28.Rc1 Qc8 29.a3 Qd7 30.Nb2 Kb7
31.Qf2 Bd6 32.Kg2 Bb8 33.Rd1 Qe7 34.Na4 Ba7 35.b4 Bxc4 36.Nb2 Bb3 37.Rh1 cxb4
38.axb4 Qxb4 39.Rh7 Rd7 40.Bh6 b5 41.Qe2 Qd4 42.Rxg7 Rxg7 43.Bxg7 a4 44.Bf8 Qg1+
45.Kh3 Bf2 46.Qf3 Bd4 47.Qe2 c5 48.g7 a3 49.Nc4 bxc4 50.dxc4 a2 51.g8=Q Qxg8
52.Bxc5 a1=Q 53.Bf8 Qh1+ 54.Qh2 Qf3+